<?xml-stylesheet type="text/xsl" href="MARC21slim2English.xsl"?>
<collection><record><leader>01677ntda 2200397   4500</leader><controlfield tag="005">20060531095527.0</controlfield><controlfield tag="008">050426i18471847nz |||||      |00 ||||| d</controlfield><datafield ind1=" " ind2=" " tag="016"><subfield code="a">urn:nbn:nz:wtu:qMS-0122-184</subfield></datafield><datafield ind1="8" ind2=" " tag="024"><subfield code="a">hdl:1727.11/44665</subfield></datafield><datafield ind1=" " ind2=" " tag="035"><subfield code="9">tap:979919</subfield></datafield><datafield ind1=" " ind2=" " tag="040"><subfield code="a">WTU</subfield></datafield><datafield ind1=" " ind2=" " tag="040"><subfield code="e">rad</subfield></datafield><datafield ind1=" " ind2=" " tag="084"><subfield code="a">qMS-0122-184</subfield></datafield><datafield ind1=" " ind2=" " tag="084"><subfield code="b">iid:44665</subfield></datafield><datafield ind1="0" ind2="0" tag="245"><subfield code="a">Diary page - Arrival at the Great Barrier Island</subfield><subfield code="n">qMS-0122-184</subfield></datafield><datafield ind1=" " ind2=" " tag="260"><subfield code="c">9-10 Dec 1847</subfield></datafield><datafield ind1=" " ind2=" " tag="300"><subfield code="a">1  piece</subfield></datafield><datafield ind1=" " ind2=" " tag="300"><subfield code="b">Diary entry with sketch in ink, on sheet 253mm x 200mm</subfield></datafield><datafield ind1=" " ind2=" " tag="340"><subfield code="a">Manuscript</subfield></datafield><datafield ind1=" " ind2=" " tag="351"><subfield code="c">Piece</subfield></datafield><datafield ind1=" " ind2="0" tag="440"><subfield code="a">Bambridge, William, 1819-1879 : Diary</subfield><subfield code="n">qMS-0122</subfield></datafield><datafield ind1=" " ind2=" " tag="506"><subfield code="a">RESTRICTED - Microfilm available. Use MS-Copy-Micro-0501.</subfield></datafield><datafield ind1="8" ind2=" " tag="520"><subfield code="a">Diary entry (pg 184) including sketch of Mount Mitre, Augustus Bay, Home Point and Mohunga</subfield></datafield><datafield ind1=" " ind2=" " tag="530"><subfield code="a">File print available in Turnbull Library Pictures (13. Great Barrier Isaland. 1847.)</subfield></datafield><datafield ind1=" " ind2=" " tag="580"><subfield code="a">PART OF COLLECTION</subfield></datafield><datafield ind1=" " ind2=" " tag="580"><subfield code="a">NON-ISSUABLE Piece of Item</subfield></datafield><datafield ind1="2" ind2=" " tag="648"><subfield code="a">1847</subfield></datafield><datafield ind1=" " ind2="4" tag="651"><subfield code="a">Great Barrier Island</subfield><subfield code="3">tap:72112</subfield></datafield><datafield ind1=" " ind2="4" tag="651"><subfield code="a">Mitre Peak</subfield><subfield code="3">tap:981111</subfield></datafield><datafield ind1=" " ind2="4" tag="651"><subfield code="a">Mohunga Cove</subfield><subfield code="3">tap:981115</subfield></datafield><datafield ind1="1" ind2="8" tag="772"><subfield code="t">Bambridge, William, 1819-1879 : Diary</subfield><subfield code="w">qMS-0122</subfield></datafield><datafield ind1=" " ind2=" " tag="850"><subfield code="a">Alexander Turnbull Library, Wellington, New Zealand</subfield></datafield><datafield ind1="8" ind2=" " tag="852"><subfield code="b">Manuscripts and Archives Collection</subfield><subfield code="h">qMS-0122-184</subfield></datafield><datafield ind1="4" ind2="1" tag="856"><subfield code="u">http://digital.natlib.govt.nz/get/44665?profile=thumb</subfield><subfield code="x">Thumbnail</subfield><subfield code="y">Thumbnail for resource</subfield></datafield><datafield ind1="4" ind2="1" tag="856"><subfield code="u">http://digital.natlib.govt.nz/get/44665?profile=access</subfield><subfield code="x">AccessFormat</subfield><subfield code="y">Link to electronic resource</subfield></datafield><datafield ind1="4" ind2="1" tag="856"><subfield code="u">http://digital.natlib.govt.nz/get/44665?role=PM</subfield><subfield code="x">Preservation</subfield><subfield code="y">Link to preservation copy [restricted access]</subfield></datafield></record></collection>